Chemistry : (Record no. 5952)
[ view plain ]
| 000 -LEADER | |
|---|---|
| fixed length control field | 00863cam a22002538i 4500 |
| 005 - DATE AND TIME OF LATEST TRANSACTION | |
| control field | 20260203112350.0 |
| 008 - FIXED-LENGTH DATA ELEMENTS--GENERAL INFORMATION | |
| fixed length control field | 210929t20222022nju 001 0 eng c |
| 020 ## - INTERNATIONAL STANDARD BOOK NUMBER | |
| International Standard Book Number | 9781119820642 |
| 020 ## - INTERNATIONAL STANDARD BOOK NUMBER | |
| Canceled/invalid ISBN | 9781119820659 |
| Qualifying information | (e-pub) |
| 020 ## - INTERNATIONAL STANDARD BOOK NUMBER | |
| Canceled/invalid ISBN | 9781119820666 |
| Qualifying information | (ePdf) |
| 040 ## - CATALOGING SOURCE | |
| Original cataloging agency | KABLIB |
| Language of cataloging | eng |
| Description conventions | rda |
| Transcribing agency | KABLIB |
| 082 00 - DEWEY DECIMAL CLASSIFICATION NUMBER | |
| Classification number | 540 |
| Edition number | 23 |
| Item number | JES |
| 100 1# - MAIN ENTRY--PERSONAL NAME | |
| Personal name | Jespersen, Neil D., |
| Relator term | author. |
| 9 (RLIN) | 15022 |
| 245 10 - TITLE STATEMENT | |
| Title | Chemistry : |
| Remainder of title | the molecular nature of matter / |
| Statement of responsibility, etc. | Neil D. Jespersen, Alison Hyslop, James E. Brady. |
| 250 ## - EDITION STATEMENT | |
| Edition statement | 8th ed. |
| 260 ## - PUBLICATION, DISTRIBUTION, ETC. | |
| Place of publication, distribution, etc. | Hoboken, NJ : |
| Name of publisher, distributor, etc. | Wiley, |
| Date of publication, distribution, etc. | c2022 |
| 300 ## - PHYSICAL DESCRIPTION | |
| Extent | xxiv, 1118 p. : |
| Other physical details | col. ill. ; |
| Dimensions | 28 cm. |
| 500 ## - GENERAL NOTE | |
| General note | Includes appendix, glossary, index. |
| 650 #0 - SUBJECT ADDED ENTRY--TOPICAL TERM | |
| Topical term or geographic name entry element | Chemistry. |
| 700 1# - ADDED ENTRY--PERSONAL NAME | |
| Personal name | Hyslop, Alison, |
| Relator term | author. |
| 9 (RLIN) | 15023 |
| 700 1# - ADDED ENTRY--PERSONAL NAME | |
| Personal name | Brady, James E., |
| Dates associated with a name | 1938- |
| Relator term | author. |
| 9 (RLIN) | 15024 |
| 710 2# - ADDED ENTRY--CORPORATE NAME | |
| Corporate name or jurisdiction name as entry element | John Wiley & Sons, |
| Relator term | publisher. |
| 9 (RLIN) | 15025 |
| 942 ## - ADDED ENTRY ELEMENTS (KOHA) | |
| Source of classification or shelving scheme | Dewey Decimal Classification |
| Koha item type | Book |
| Withdrawn status | Lost status | Source of classification or shelving scheme | Damaged status | Not for loan | Home library | Current library | Shelving location | Date acquired | Source of acquisition | Total Checkouts | Full call number | Barcode | Date last seen | Price effective from | Koha item type |
|---|---|---|---|---|---|---|---|---|---|---|---|---|---|---|---|
| Dewey Decimal Classification | Education Library | Education Library | Open Access Section | 03.02.2026 | Purchased | 540 JES | 14022 | 03.02.2026 | 03.02.2026 | Book | |||||
| Dewey Decimal Classification | Education Library | Education Library | Open Access Section | 03.02.2026 | Purchased | 540 JES | 14023 | 03.02.2026 | 03.02.2026 | Book | |||||
| Dewey Decimal Classification | Education Library | Education Library | Open Access Section | 02.03.2026 | Purchased | 540 JES | 14670 | 02.03.2026 | 02.03.2026 | Book | |||||
| Dewey Decimal Classification | Education Library | Education Library | Open Access Section | 02.03.2026 | Purchased | 540 JES | 14671 | 02.03.2026 | 02.03.2026 | Book | |||||
| Dewey Decimal Classification | Education Library | Education Library | Reserve Section | 02.03.2026 | Purchased | 540 JES | 14672 | 02.03.2026 | 02.03.2026 | Book |